000 00881cam a2200253 4500
001 WB3642-30
008 000000n2000 000 0 eng u
035 _a(Sirsi) u108931
245 _aRethink housebuilding targets
260 _c2000
490 _aFinancial Times
_v23 October 2000, 5(2)
520 _aA follow up report by the urban taskforce increases pressure on government to make regeneration a top priority. "Cities for a Small Country" (Faber and Faber, £14.95) calls for urban renewal and a rethink of the housebuilding density target.
590 _aWB
650 _aURBAN TASKFORCE
650 _aTOWARDS AN URBAN RENAISSANCE
650 _aURBAN RENEWAL
650 _aHOUSING DENSITY
650 _aHOUSE BUILDING
650 _aRECYCLED LAND
650 _aHOUSEHOLD PROJECTIONS
650 _aGREENFIELD LAND
690 _aREGENERATION
942 _n0
999 _c65039
_d65039